书目信息 |
| 题名: |
2022年中国财经审计法规选编
|
|
| 作者: | ;《中国财经审计法规选编》编辑部 编 | |
| 分册: | ||
| 出版信息: | 2022.02 |
|
| 页数: | 122页 | |
| 开本: | 20cm | |
| 丛书名: | ||
| 单 册: | ||
| 中图分类: | D922.209 | |
| 科图分类: | ||
| 主题词: | 法律--中国 | |
| 电子资源: | ||
| ISBN: | 7-5119-3140-5 | |
| 000 | 00702nam0 2200181 450 | |
| 001 | 2656131759 | |
| 005 | 20260414153919.15 | |
| 010 | @a7-5119-3140-5@dCNY7.00 | |
| 100 | @a20260414d2022 km y0chiy0120 ea | |
| 101 | 0 | @achi |
| 200 | 1 | @a2022年中国财经审计法规选编@A2022 Nian Zhong Guo Cai Jing Shen Ji Fa Gui Xuan Bian@f《中国财经审计法规选编》编辑部编@F《Zhong Guo Cai Jing Shen Ji Fa Gui Xuan Bian》Bian Ji Bu Bian |
| 210 | @d2022.02 | |
| 215 | @a122页@d20cm | |
| 606 | 0 | @a法律@x中国 |
| 690 | @aD922.209@v4 | |
| 711 | 02 | @a《中国财经审计法规选编》编辑部@A《Zhong Guo Cai Jing Shen Ji Fa Gui Xuan Bian》Bian Ji Bu@4编 |
| 801 | 0 | @aCN@b大连网信软件有限公司图书馆·11@c20260414 |
| 905 | @aZUCC@dD922.209@e2564 | |
| 2022年中国财经审计法规选编/《中国财经审计法规选编》编辑部编.-2022.02 |
| 122页;20cm |
| ISBN 7-5119-3140-5:CNY7.00 |
| ● |
| 相关链接 |
|
|
|
|
正题名:2022年中国财经审计法规选编
索取号:D922.209/2564
 
预约/预借
| 序号 | 登录号 | 条形码 | 馆藏地/架位号 | 状态 | 备注 |
| 1 | 1442592 | 214425923 | 第一样本阅览室/ [索取号:D922.209/2564] | 在馆 |